| 000 | 00367 a2200169 4500 | ||
|---|---|---|---|
| 001 | 74081 | ||
| 020 | _a | ||
| 040 | _cAnchieta - Colégio São Paulo | ||
| 100 | _aAmado, Jorge | ||
| 240 | 1 | 0 |
_aA.B.C de Castro Alves _lpor |
| 245 | 1 | 0 | _aA.B.C de Castro Alves |
| 300 | _a327 | ||
| 362 | 0 | _a1983 | |
| 440 | 1 | _aRecord | |
| 650 | 4 | _aFicção brasileira | |
| 942 | _cBK | ||
| 999 |
_c74081 _d74081 |
||